| 000 | 01097nas a2200301 a 4500 | ||
|---|---|---|---|
| 001 | 65080 | ||
| 003 | FlNmELB | ||
| 005 | 20241217142610.0 | ||
| 006 | m o d | | ||
| 007 | cr cn||||||||| | ||
| 008 | 130621s2004 sz s 000 0 spa d | ||
| 020 | _z9789275325490 | ||
| 035 | _a(OCoLC)928812881 | ||
| 040 |
_aFlNmELB _bspa _cFlNmELB |
||
| 050 | 4 |
_aRA425 _bO681 2004eb |
|
| 080 | _a614.4 | ||
| 110 | 1 | _aOrganización Mundial de la Salud. | |
| 245 | 1 | 0 |
_aAdherencia a los tratamientos a largo plazo _h[recurso electronico] _bpruebas para la acción / _cOrganización Mundial de la Salud. |
| 260 |
_aGinebra : _bOrganización Mundial de la Salud, _c2004. |
||
| 300 | _axiv, 198 p. | ||
| 533 | _aRecurso electrónico. Santa Fe, Arg.: e-libro, 2015. Disponible vía World Wide Web. El acceso puede estar limitado para las bibliotecas afiliadas a e-libro. | ||
| 650 | 4 | _aEnfermedades. | |
| 650 | 4 | _aEpidemiología. | |
| 650 | 0 | _aPublic health. | |
| 655 | 4 | _aRevistas electrónicas. | |
| 710 | 2 | _ae-libro, Corp. | |
| 856 | 4 | 0 | _uhttps://elibro.net/ereader/politecnicointernacional/84955 |
| 999 |
_c65080 _d65080 |
||